000 00375nam a2200145Ia 4500
005 20260328104303.0
008 260328s9999||||xx |||||||||||||| ||und||
100 _aCalvo Capilla, Susana
245 0 _aUrbanismo en la Córdoba Islámica /
_cSusana Calvo Capilla
250 _a1a ed.
260 _bEdilupa
300 _a124 p.
650 _aDISEÑOS Y PLANOS
942 _cBK
999 _c10647
_d10647